| 000 | 00546nam a22001697a 4500 | ||
|---|---|---|---|
| 005 | 20231121084956.0 | ||
| 008 | 231121b |||||||| |||| 00| 0 eng d | ||
| 020 | _a9789991609386 | ||
| 041 | _aEnglish | ||
| 082 | _a342.8 WOM | ||
| 100 | _lEnglish | ||
| 245 |
_aWomen and Custom in Namibia : _bCultural Practice versus Gender Equality? / _cedited by O C Ruppel |
||
| 260 |
_aWindoek : _bMacmillan Education Namibia, _c2008 |
||
| 300 |
_b228 pages ; _c25 cm. |
||
| 650 |
_aLegal practice _bLaw |
||
| 942 |
_cBK _6ALISON_BN_VRIES |
||
| 999 |
_c826 _d826 |
||